|
|
|
|
| LEADER |
00000nab#a22000007a#4500 |
| 001 |
arbauad038805 |
| 003 |
AR-BaUAD |
| 005 |
20250711113031.0 |
| 008 |
990809|||||||||###||||||b###|0###a|spa|| |
| 040 |
|
|
|a AR-BaUAD
|c AR-BaUAD
|b spa
|
| 100 |
|
|
|a Lionello, Nadia
|
| 245 |
|
|
|a Oggetti 'in sintesi' /
|c Nadia Lionello;
|
| 300 |
0 |
|
|b fot.
|
| 653 |
|
|
|a ITALIA
|
| 653 |
|
|
|a OBJETOS
|
| 653 |
|
|
|a MUEBLES
|
| 653 |
|
|
|a TECNOLOGIA
|
| 653 |
|
|
|a CONSTRUCCION
|
| 653 |
|
|
|a MATERIALES
|
| 653 |
|
|
|a PLASTICO
|
| 653 |
|
|
|a VIDRIO
|
| 653 |
|
|
|a MADERA
|
| 653 |
|
|
|a POLIPROPILENO
|
| 653 |
|
|
|a PLEXIGLAS
|
| 653 |
|
|
|a POLIAMIDA
|
| 653 |
|
|
|a POLIESTIRENO
|
| 653 |
|
|
|a POLIURETANO
|
| 653 |
|
|
|a ABS
|
| 653 |
|
|
|a FIBRA DE VIDRIO
|
| 653 |
|
|
|a MDF
|
| 653 |
|
|
|a PROCESOS TECNICOS
|
| 653 |
|
|
|a TERMOFORMADO
|
| 653 |
|
|
|a INYECCION
|
| 653 |
|
|
|a DISEÑO INDUSTRIAL
|
| 773 |
0 |
|
|t INTERNI
|g no. 491 [jun. 1999], p. 110-117
|
| 942 |
|
|
|c ARTI
|
| 952 |
|
|
|0 0
|1 0
|4 0
|7 0
|9 83724
|a AR-BAuAD
|b AR-BAuAD
|d 2025-07-11
|l 0
|p AAQA038805
|r 2025-07-11 11:30:31
|w 2025-07-11
|y ARTI
|
| 990 |
|
|
|a DI199
|b TD
|
| 998 |
|
|
|a AAQ
|b BIBUN76
|
| 999 |
|
|
|c 63397
|d 63397
|